000 00450nam a22001817a 4500
005 20250521151729.0
008 250521b |||||||| |||| 00| 0 eng d
020 _a978-00771268334
050 _aHD 31.H4885 HIL
082 _2AFRICAN ED.
100 _aMcSHANE-HILL
245 _aMANAGEMENT
250 _aAFRICAN ED.
260 _aLONDON
_bMcGRAW-HILL
_c2009
300 _aXIII,600p.,ILLUS.,TABLES,GRAPHS
500 _aINDEX
942 _2lcc
_cBK
_n0
999 _c5902
_d5902